Encyclopaedia Of E - Research Methodology Vol - 3 (Record no. 367055)

MARC details
000 -LEADER
fixed length control field 00572nam a2200229Ia 4500
003 - CONTROL NUMBER IDENTIFIER
control field OSt
005 - DATE AND TIME OF LATEST TRANSACTION
control field 20250623154844.0
008 - FIXED-LENGTH DATA ELEMENTS--GENERAL INFORMATION
fixed length control field 230125s9999 xx 000 0 und d
020 ## - INTERNATIONAL STANDARD BOOK NUMBER
International Standard Book Number 978-93-5032-143-0
041 ## - LANGUAGE CODE
Language code of text/sound track or separate title eng
082 ## - DEWEY DECIMAL CLASSIFICATION NUMBER
Classification number 658.018
Item number SIN
100 ## - MAIN ENTRY--PERSONAL NAME
Author Sing M
245 ## - TITLE STATEMENT
Title Encyclopaedia Of E - Research Methodology Vol - 3
260 ## - PUBLICATION, DISTRIBUTION, ETC.
Date of publication, distribution, etc. 2017
Name of publisher, distributor, etc. Shree Niwas Publication
Place of publication, distribution, etc. Jaipur
300 ## - PHYSICAL DESCRIPTION
Extent 480p
440 ## - SERIES STATEMENT/ADDED ENTRY--TITLE
Volume/sequential designation 4
500 ## - GENERAL NOTE
Keywords Research methodology;
650 ## - SUBJECT ADDED ENTRY--TOPICAL TERM
Topical term or geographic name entry element Research Methodology
700 ## - ADDED ENTRY--PERSONAL NAME
Personal name Sing M
942 ## - ADDED ENTRY ELEMENTS (KOHA)
Koha item type Reference book
906 ## - LOCAL DATA ELEMENT F, LDF (RLIN)
b 27
Holdings
Withdrawn status Lost status Source of classification or shelving scheme Damaged status Not for loan Home library Current library Date acquired Vendor Net Price Bill number Full call number Barcode Date last seen Actual Price Bill Date Koha item type Original Barcode
    Dewey Decimal Classification   Reference Smt. Hiraben Nanavati Institute of Management & Research for Women Smt. Hiraben Nanavati Institute of Management & Research for Women 01/12/2018 Pritam Book Centre 1995.00 10713 658.018 SIN B17408 HIMR-BK-17408 25/01/2023 1968.00 30/11/2018 Reference book B17408